Rust Monuments - Statistics

General Stats
  • This quiz has been taken 338 times
  • The average score is 12 of 30
Answer Stats
Hint Answer % Correct
water oil rig
87%
water large oil rig
80%
land launch site
75%
land outpost
74%
water underwater labs
69%
land bandit camp
67%
land train yard
63%
land dome
58%
land airfield
54%
land oxum's gas station
52%
underground military tunnels
48%
land power plant
47%
land abandoned supermarket
45%
land/water harbor
45%
underground/land sewer
45%
land water treatment plant
42%
land satellite dish
38%
water cargo ship
33%
water lighthouse
32%
land mining outpost
29%
land junkyard
27%
land stone quarry
27%
land sulfur quarry
27%
land hqm quarry
26%
underground train tunnel
23%
land abandoned cabins
15%
land artic base
4%
water/land fishing villiage
4%
land large excavator pit
4%
water/land large fishing villiage
4%
No matching quizzes found
Score Distribution
Percent of People with Each Score
Percentile by Number Answered
Your Score History
You have not taken this quiz